000 00673nam a2200217Ia 4500
003 IN-BaIIA
008 211028s9999 xx 000 0 eng d
020 _a0-8165-0300-1
040 _cIIA Library
080 _a524.575
_bDAR
245 0 _aDark nebulae, globules and protostars
_cedited by Beverly T. Lynds
260 _aTucson
_bUniversity of Arizona Press
_c1971
300 _aviii, 150p.
500 _aDonated by Mrs. Bappu
650 _aAstronomy and astrophysics thesaurus
650 _aDark nebulae
_97194
650 _aGlobules
_97195
650 _aProtostars
_910852
700 _aLynds, Beverly T. ed
_97196
942 _cBK
999 _c7399
_d7399